Imposibilidad de cumplir o incapacidad de asumir las obligaciones esenciales del matrimonio?: historia, jurisprudencia, doctrina, normativa, magisterio, interdisciplinariedad y psicopatología incidentes en la cuestión

שמור ב:
מידע ביבליוגרפי
מחבר ראשי: Tejero, Eloy (Author)
פורמט: ספר
שפה:ספרדית
יצא לאור: Pamplona Universidad de Navarra 2007
מהדורה:1a. ed
סדרה:Canónica
נושאים:
תגים: הוספת תג
אין תגיות, היה/י הראשונ/ה לתייג את הרשומה!

MARC

LEADER 00000cam a2200000 a 4500
001 UCE4096
003 CL-VaPUC
008 141009e20070000sp |||||||||||||||||spa|d
020 |a 8431324865 
082 0 4 |a 262.9  |b TEJ  |2 21 
100 0 |a Tejero, Eloy  |e author  |9 576669 
245 1 0 |a Imposibilidad de cumplir o incapacidad de asumir las obligaciones esenciales del matrimonio?: historia, jurisprudencia, doctrina, normativa, magisterio, interdisciplinariedad y psicopatología incidentes en la cuestión 
250 |a 1a. ed 
300 |a 1305 p 
942 |c BK 
945 |d 20141009 14:36:00  |a arojas 
260 |a Pamplona  |b Universidad de Navarra  |c 2007 
650 7 |a DERECHO CANONICO  |2 CL-VaPUC  |9 576670 
650 0 |a Matrimonio canónico   |9 379164 
650 0 |a Obligaciones   |9 255578 
650 0 |a Jurisprudencia  |9 255952 
650 7 |a JURISPRUDENCIA ECLESIASTICA  |2 CL-VaPUC  |9 576671 
583 |a last modification  |c 20141009 14:36:00  |k Rodrigo Vera 
490 0 |a Canónica 
999 |c 357173  |d 357171 
952 |0 0  |1 0  |3 erb  |4 0  |6 262_900000000000000_TEJ_2007  |7 0  |8 A  |9 464996  |a BIBDER  |b BIBDER  |i 511781K  |o 262.9 TEJ 2007  |p 511781K  |r 2023-01-25  |w 2019-11-23  |y BK  |z Catalogado en:20141009  |k DER